000 00757nam a22002297a 4500
001 44286
003 BD-RjUL
005 20211209053830.0
008 160716s1988 bg ||||| |||| 00| 0 ben d
020 _c: TK 35.00
035 _a(BD-RjUL)44404
040 _aBD-RjUL
_bben
_cBD-RjUL
041 _aben
082 _223
_a891.443
_bMIC 1988
100 _aমীর, হাসান
_9135963
245 1 0 _aচেনা-অচেনা /
_cহাসান মীর
260 _aরাজশাহী :
_bমণিকা হাসান,
_c১৯৮৮
300 _a[১২], ১১২ পৃ. ;
_c২১ সেমি.
650 _aবাংলা ছোটগল্প
_9120351
650 _aBengali Short Stories
_9135964
942 _2ddc
_cBK
999 _c44286
_d44286